| 000 | 00457nam a2200145 a 4500 | ||
|---|---|---|---|
| 001 | 000025303 | ||
| 005 | 20200930023708.0 | ||
| 008 | 110214s1967 dr 000 0 spa d | ||
| 040 |
_aDO-SdBNP _bspa _cBNPHU |
||
| 100 | 1 |
_aTavárez Belliard, Aurora _936531 |
|
| 245 | 1 | 0 |
_aLecciones de urbanidad y moral y cívica / : _bAurora Tavárez Belliard. |
| 260 |
_aSanto Domingo : _bEditora Librería Dominicana, _c1967. |
||
| 300 |
_a250 P. ; _c19 cm. |
||
| 049 | _aBNPD | ||
| 999 |
_c24796 _d24796 |
||